000 00321nam a22001337a 4500
003 OSt
005 20231128143852.0
008 231128b |||||||| |||| 00| 0 eng d
040 _cCO-JMCR
082 _aA /
_bGUEd
100 _aGuebel Daniel
_eautor
_942993
245 _aEl absoluto /
_cDaniel Guebel
942 _2ddc
_cBK
999 _c30406
_d16790